[Event "ICS Rated blitz match"]
[Site "207.99.83.229"]
[Date "1999.06.14"]
[Round "?"]
[White "Hossa"]
[Black "Beadle"]
[Result "0-1"]
[WhiteElo "2444"]
[BlackElo "2621"]
[PlyCount "163"]

1. e4 c6 2. d4 d5 3. e5 Bf5 4. Nf3 e6 5. Be2 Qa5+ 6. Nbd2 Nd7 7. O-O Qb6 8. c4
f6 9. cxd5 cxd5 10. Qa4 Qb4 11. Bb5 Qxa4 12. Bxa4 Rc8 13. Re1 Bb4 14. a3 Be7
15. exf6 Bxf6 16. Nb3 b6 17. Bf4 Rc4 18. Bb5 Rc2 19. Rab1 Ne7 20. Ne5 Bxe5 21.
Bxe5 Rg8 22. Na1 Rd2 23. Rbc1 Rxb2 24. Bxd7+ Kxd7 25. Rc7+ Kd8 26. Rxa7 Ke8 27.
Rb7 g5 28. Bf6 Nc6 29. Rc7 Rg6 30. Bh8 Ne7 31. Be5 Bd3 32. Rc3 Bc4 33. Rc2 Rxc2
34. Nxc2 Nc6 35. Nb4 Nxe5 36. Rxe5 Ke7 37. f3 Kd6 38. Kf2 g4 39. f4 Rg7 40. Kg3
h6 41. Kh4 Bb5 42. g3 Ra7 43. Re3 Rc7 44. Kxg4 Rc4 45. Kh5 Rxd4 46. Kxh6 Rd2
47. h4 d4 48. Re5 Bc4 49. g4 Rg2 50. Re4 Rxg4 51. Kh5 Rg3 52. Nc2 d3 53. Rxc4
b5 54. Rd4+ Kc5 55. Rd8 dxc2 56. Rc8+ Kd4 57. Rxc2 Rxa3 58. Rb2 Kc4 59. Re2 Ra6
60. Rc2+ Kd3 61. Rh2 b4 62. Kg4 b3 63. h5 Ra2 64. Rh3+ Kc2 65. h6 Ra8 66. Rh2+
Kc3 67. h7 b2 68. Rh3+ Kc4 69. Rh1 Rh8 70. Rb1 Kc3 71. Kg5 Rxh7 72. Kf6 Rh6+
73. Kg5 Rh2 74. Re1 Rc2 75. Re3+ Kc4 76. Re4+ Kc5 77. Re1 Rc1 78. Re5+ Kd4 79.
Rxe6 b1=Q 80. Rd6+ Kc5 81. Rd2 Rg1+ 82. Kf6 {Hossa resigns} 0-1

[Event "ICS Rated blitz match"]
[Site "207.99.83.229"]
[Date "1999.06.14"]
[Round "?"]
[White "Beadle"]
[Black "Hossa"]
[Result "1-0"]
[WhiteElo "2629"]
[BlackElo "2436"]
[PlyCount "82"]

1. e4 c6 2. d4 d5 3. Nc3 dxe4 4. Nxe4 Nf6 5. Nxf6+ gxf6 6. Nf3 Bf5 7. Bd3 e6 8.
O-O Bxd3 9. Qxd3 Nd7 10. Bf4 Qb6 11. Nd2 O-O-O 12. Nc4 Qb5 13. a4 Qh5 14. Rfe1
Rg8 15. Qb3 Qh4 16. Qf3 f5 17. a5 Qg4 18. Qxg4 Rxg4 19. g3 c5 20. c3 h6 21. a6
b6 22. d5 Rg6 23. dxe6 fxe6 24. Rad1 h5 25. Nd6+ Bxd6 26. Rxd6 Rdg8 27. Rexe6
Rxe6 28. Rxe6 h4 29. Rc6+ Kd8 30. Rc7 Ke7 31. Rxa7 Ke6 32. Rb7 Ra8 33. a7 h3
34. c4 Ke7 35. Bc7 Ke6 36. f3 b5 37. cxb5 Kd5 38. Bf4 Nb6 39. Rxb6 Rxa7 40. Rf6
Ra1+ 41. Kf2 41... Rh1 {Hossa resigns} 1-0

[Event "ICS Rated blitz match"]
[Site "207.99.83.229"]
[Date "1999.06.14"]
[Round "?"]
[White "Hossa"]
[Black "Amateur"]
[Result "1/2-1/2"]
[WhiteElo "2428"]
[BlackElo "2565"]
[Annotator "Fritz 5.32 (22s)"]
[PlyCount "277"]

1. e4 1... e5 {Opening = C44 - 2.Nf3 Nc6(3.d4 ed4 4.---)} 2. Nf3 Nc6 3. d4 exd4
4. Bc4 Bb4+ 5. c3 dxc3 6. O-O cxb2 7. Bxb2 Bf8 (7... Nf6 8. e5 Nh5 9. a3 Ba5
10. Qd5 Qe7 11. e6 Qxe6 12. Qxh5 Qxc4 13. Bxg7 Rg8 14. Nbd2 Bxd2 15. Nxd2 Qxf1+
16. Rxf1 Rxg7 17. Re1+ Kf8 18. Ne4 d6 19. Nf6 Rg6 20. Nxh7+ Kg7 21. Ng5 Kf6 22.
h4 Ne5 23. f4 Ng4 24. Qh8+ Kf5 25. Nxf7 Re6 26. Rxe6 Bxe6 27. Nxd6+ cxd6 28.
Qxa8 Kxf4 29. Qxb7 d5 30. Qxa7 Ke4 31. Qc5 d4 32. Qc6+ Ke5 33. Qc7+ Ke4 34. Qd6
Bf5 35. a4 d3 36. a5 Ke3 37. a6 d2 38. Qa3+ Kd4 39. Qa1+ Ke3 40. Qd1 Ne5 41. a7
Bg4 42. Qb3+ Nd3 43. a8=Q d1=Q+ 44. Qxd1 Bxd1 45. Qd5 Bc2 46. Qf3+ {
1-0 OKIE-dynamite/ICS 1994 (46)}) 8. Qd5 (8. Nc3 Nh6 9. Nd5 d6 10. Rc1 Na5 11.
Be2 c6 12. Nf4 f6 13. Qd2 c5 14. Rfd1 Nf7 15. Nd5 Nc6 16. Bb5 Bd7 17. Qd3 Nfe5
18. Nxe5 fxe5 19. Qf3 Rc8 20. Qh5+ g6 21. Qf3 Bg7 22. Qb3 22... Rf8 {
Abizer,N-Pecha,M/Class 2, T #005 IECG 1996/0-1 (46)}) 8... Qe7 $146 (8... Nh6
9. e5 Be7 10. Nbd2 O-O 11. Ne4 d6 12. exd6 cxd6 13. Neg5 Ne5 14. Bxe5 dxe5 15.
h4 Qxd5 16. Bxd5 Bf6 17. Rae1 Re8 18. Nd2 Be6 19. Nxe6 fxe6 20. Bxb7 Rab8 21.
Bc6 Red8 22. Ne4 Rd4 23. Rb1 {Anderssen,A-Pitschel,K/Leipzig 1851/ - (44)}) 9.
Nbd2 Nf6 10. Qg5 d6 11. Rab1 h6 12. Qf4 Nh5 13. Qe3 Nf6 14. Qf4 Na5 15. Bb5+ c6
16. Ba4 Be6 17. Bc3 Qd8 18. Bxf6 Qxf6 19. Qxf6 gxf6 20. Rxb7 Nxb7 21. Bxc6+ Kd8
22. Bxb7 Rb8 23. Bd5 Bxd5 24. exd5 Rb5 25. Nd4 Rxd5 26. N2f3 Rc5 27. Nh4 Rg8
28. f4 Kc7 29. Nhf5 Ra5 30. Rf2 Rc5 31. Rf1 Rc4 32. Rd1 Ra4 33. Rd2 Kb6 34. Ne3
Rg6 35. Nd5+ Kc5 36. Nf5 Rc4 37. g3 Rc1+ 38. Kg2 Re1 39. Nh4 Rg7 40. Nf5 Re6
41. Nxh6 a5 42. Nf5 Rg6 43. h3 Re1 44. Kf2 Rh1 45. Kg2 Rb1 46. h4 Rb7 47. h5
Rg8 48. Nxf6 Rh8 49. Nxd6 Re7 50. Nf5 Re6 51. Nd7+ Kc4 52. Nxf8 Rxf8 53. Kh3
Kc3 54. Rd5 a4 55. a3 Kb2 56. Rd3 Kc2 57. Rf3 Re1 58. g4 Kb2 59. Nd6 Kc2 60.
Kh4 Rd1 61. Nb5 Rb8 62. Rc3+ Kb2 63. Rc5 Rh1+ 64. Kg5 Rg8+ 65. Kf5 Rh4 66. Rc4
Rgxg4 67. Rxa4 Rg7 68. Nd6 Rxh5+ 69. Ke4 f6 70. Ra6 Re7+ 71. Kd4 Rd7 72. Ke3
Rd5 73. Ne4 f5 74. Nf2 R7d6 75. Ra7 Rd7 76. Ra8 Re7+ 77. Kf3 Rc7 78. a4 Rc3+
79. Ke2 Kc2 80. Re8 Rd2+ 81. Ke1 Rd4 82. a5 Ra3 83. Rc8+ Kb1 84. Rb8+ Ka1 85.
Nd1 Rxf4 86. Rb5 Rfa4 87. Rxf5 Rxa5 88. Rxa5 Rxa5 89. Ne3 Ra2 90. Nd5 Rh2 91.
Kd1 Kb2 92. Ke1 Kc2 93. Kf1 Kd3 94. Nf4+ Ke3 95. Nd5+ Ke4 96. Nc3+ Kd3 97. Nd5
Kd4 98. Nf6 Rb2 99. Ng4 Rc2 100. Nf2 100... Ke3 {Es droht Matt} 101. Nd1+ Kf3
102. Ke1 Re2+ 103. Kf1 Ra2 104. Ke1 Rc2 105. Kf1 105... Rh2 {Droht Matt: Rh1}
106. Ke1 Ke4 107. Nf2+ 107... Kf3 $11 (107... Kf4 $5 $17 $142) 108. Nd1 Kg3
109. Ne3 109... Kf4 {Droht Matt} 110. Nd5+ Ke4 111. Nf6+ 111... Kd4 $11 (111...
Kf3 $5 $142 112. Nd5 112... Rb2 $17) 112. Kf1 Ra2 113. Ng4 113... Rc2 $11 (
113... Ke4 $5 $17 $142) 114. Nf2 114... Ke3 $11 (114... Ke5 $5 $17 $142) 115.
Nd1+ Ke4 116. Ke1 Rg2 117. Nf2+ Kf4 118. Nh3+ Ke3 119. Kf1 119... Rh2 {
Droht Matt: Rxh3} 120. Ng1 Rf2+ 121. Ke1 121... Ra2 {Es droht Matt} 122. Kf1
Rh2 123. Ke1 123... Rb2 {Mit der Mattdrohung Rb1} 124. Kf1 Ra2 125. Nh3 125...
Rb2 $11 (125... Ra4 $5 $17 $142) 126. Ng1 Rd2 127. Ke1 127... Rg2 {Droht Matt}
128. Kf1 Rb2 129. Nh3 Rc2 130. Ng1 Kd4 131. Nf3+ 131... Ke4 {
Mit der Mattdrohung Kxf3} 132. Ne1 Rb2 133. Ng2 Rd2 134. Ne1 Ra2 135. Ng2
135... Rc2 $11 (135... Rb2 $5 $17 $142) 136. Kg1 $17 (136. Ne1 $5 $11 $142 {
ist noch spielbar}) 136... Ra2 $11 (136... Rd2 $5 $17 $142) 137. Kf1 Rb2 138.
Ne1 Rh2 139. Kg1 1/2-1/2

[Event "ICS Rated blitz match"]
[Site "207.99.83.229"]
[Date "1999.06.14"]
[Round "?"]
[White "Amateur"]
[Black "Hossa"]
[Result "1-0"]
[WhiteElo "2559"]
[BlackElo "2434"]
[PlyCount "173"]

1. e4 e5 2. Nf3 Nc6 3. Bb5 a6 4. Ba4 Nf6 5. O-O Be7 6. Bxc6 dxc6 7. d3 Qd6 8.
Nbd2 Be6 9. b3 O-O 10. Bb2 Nd7 11. Nc4 Bxc4 12. dxc4 Rad8 13. Qc1 f5 14. exf5
Rxf5 15. Qe3 Qf6 16. Rad1 Bc5 17. Qe2 Bd6 18. c5 Nxc5 19. Bxe5 Qe6 20. Qe1 Qf7
21. Qb4 Rd7 22. Bd4 Qh5 23. Qc4+ Kh8 24. h3 Rxf3 25. Bxc5 Rff7 26. Bxd6 cxd6
27. Rfe1 Rde7 28. f3 d5 29. Qb4 Rxe1+ 30. Rxe1 h6 31. Qc5 Qg6 32. Re3 Qf6 33.
Re1 Kg8 34. a4 Qg6 35. Qf2 b5 36. axb5 axb5 37. Ra1 Rf4 38. Ra6 h5 39. Qe2 Kh7
40. Qf2 h4 41. Qe3 Rf6 42. Ra2 Qg3 43. Qe2 Qf4 44. Qe1 Rg6 45. Kh1 Qg5 46. c3
b4 47. cxb4 Qh6 48. Re2 Rf6 49. Re5 Rd6 50. Qb1+ g6 51. Re7+ Kg8 52. Qe1 Qf4
53. Rc7 Qf6 54. b5 cxb5 55. Qe8+ Qf8 56. Qxb5 Qa8 57. Qe2 Qd8 58. Re7 Kf8 59.
Ra7 Qf6 60. Qd2 g5 61. b4 Qe5 62. Qc1 Qf6 63. b5 Qd8 64. Qa3 Ke8 65. Ra8 Kf7
66. Rxd8 Rxd8 67. Qa7+ Ke6 68. b6 Rc8 69. f4 Rc1+ 70. Kh2 gxf4 71. Qg7 Rc4 72.
Qg8+ Ke5 73. Qf7 Kd4 74. b7 Rb4 75. Qxf4+ Kc5 76. Qxb4+ Kxb4 77. b8=Q+ Kc5 78.
Qc8+ Kb5 79. g4 d4 80. g5 d3 81. Qc3 d2 82. Qxd2 Ka6 83. g6 Kb6 84. g7 Kb5 85.
g8=Q Ka4 86. Qb2 Ka5 87. Qa8# {Hossa checkmated} 1-0

[Event "ICS Rated blitz match"]
[Site "207.99.83.229"]
[Date "1999.06.14"]
[Round "?"]
[White "Hossa"]
[Black "Amateur"]
[Result "0-1"]
[WhiteElo "2424"]
[BlackElo "2569"]
[PlyCount "204"]

1. e4 e5 2. Nf3 Nc6 3. Bb5 a6 4. Ba4 Nf6 5. O-O Be7 6. Re1 b5 7. Bb3 d6 8. c3
O-O 9. h3 Bd7 10. d4 Rb8 11. Nbd2 b4 12. Rb1 bxc3 13. bxc3 exd4 14. cxd4 Na5
15. Bc2 Nc6 16. Nc4 Rxb1 17. Bxb1 Qb8 18. Bg5 Qb5 19. Qc1 h6 20. Bf4 Nh5 21.
Bd2 Rc8 22. d5 Na7 23. Be3 Ra8 24. Nd4 Qa4 25. Nb2 Qa5 26. Nd3 Nb5 27. Nc6 Bxc6
28. Qxc6 Rb8 29. Rc1 Nf6 30. Nf4 Re8 31. Nh5 Rb8 32. Ng3 Ne8 33. Nf5 Bf6 34.
Kh1 Bb2 35. Rf1 Nf6 36. Rg1 Nc3 37. Ba7 Rf8 38. Bd4 Na4 39. Bxb2 Nxb2 40. Ne7+
Kh8 41. Rc1 Rb8 42. Qc2 Qb6 43. Kg1 Rb7 44. Nc6 Kg8 45. Qe2 Na4 46. Bd3 Qb2 47.
Qf1 Nc5 48. Rb1 Qxa2 49. Rxb7 Nxb7 50. Bxa6 Nc5 51. Bc4 Qa3 52. f3 Qe3+ 53. Kh1
Qg5 54. Qb1 Ncd7 55. Qe1 Nh5 56. g4 Nhf6 57. Bf1 Nc5 58. Qa1 h5 59. Ne7+ Kh7
60. Nf5 hxg4 61. hxg4 g6 62. Ng3 Ncd7 63. Bb5 Qd2 64. Bxd7 Nxd7 65. Qf1 Ne5 66.
Ne2 Qh6+ 67. Kg2 Qd2 68. Kg3 g5 69. Qf2 Nd3 70. Qf1 Nc5 71. Kh2 Kg6 72. Qg2 Nd3
73. Nd4 Qc3 74. Qg1 Qb2+ 75. Kh1 Nf2+ 76. Kg2 Nxe4+ 77. Kh3 Nf2+ 78. Kg3 Qxd4
79. Qxf2 Qxf2+ 80. Kxf2 Kf6 81. Ke2 Ke5 82. Ke3 Kxd5 83. Kf2 Kd4 84. Ke2 d5 85.
Kd2 c5 86. Ke2 Kc3 87. f4 Kc2 88. Kf3 d4 89. Ke4 gxf4 90. g5 d3 91. Kf3 d2 92.
Kxf4 d1=Q 93. Ke5 Qd4+ 94. Kf5 c4 95. g6 fxg6+ 96. Kg5 Qe4 97. Kh6 c3 98. Kg7
Kd3 99. Kh8 Qe7 100. Kg8 c2 101. Kh8 c1=Q 102. Kg8 102... Qc8# {
Hossa checkmated} 0-1

[Event "ICS Rated blitz match"]
[Site "207.99.83.229"]
[Date "1999.06.14"]
[Round "?"]
[White "Hossa"]
[Black "blademaster"]
[Result "1-0"]
[WhiteElo "2409"]
[BlackElo "2091"]
[PlyCount "43"]

1. e4 c5 2. d4 cxd4 3. Qxd4 Nc6 4. Qa4 Qa5+ 5. Qxa5 Nxa5 6. Nc3 e6 7. Nb5 Kd8
8. Bg5+ Be7 9. Nf3 h6 10. Ne5 Bxg5 11. Nxf7+ Ke7 12. Nxh8 Kf6 13. Nc7 Rb8 14.
h4 Bf4 15. Ne8+ Ke7 16. Nxg7 Kf6 17. Nh5+ Ke5 18. a3 Kxe4 19. Rd1 Bc7 20. f3+
Ke5 21. Nf7+ Kf5 22. Bd3# {blademaster checkmated} 1-0

[Event "ICS Rated blitz match"]
[Site "207.99.83.229"]
[Date "1999.06.14"]
[Round "?"]
[White "Talmoves"]
[Black "Hossa"]
[Result "1-0"]
[WhiteElo "2585"]
[BlackElo "2413"]
[PlyCount "116"]

1. e4 d5 2. exd5 Qxd5 3. Nc3 Qa5 4. d4 Nf6 5. Nf3 Bg4 6. h3 Bh5 7. g4 Bg6 8.
Ne5 Nbd7 9. Nc4 Qa6 10. Bf4 Qe6+ 11. Be2 Nd5 12. Nxd5 Qxd5 13. f3 O-O-O 14. c3
h5 15. Qb3 Qe6 16. gxh5 Rxh5 17. Ne5 Qxb3 18. axb3 Nxe5 19. Bxe5 Kb8 20. O-O-O
e6 21. h4 f6 22. Bh2 Ra5 23. Rhg1 Bh7 24. b4 Ra1+ 25. Kd2 Ra2 26. Kc1 e5 27.
Bd3 Ra1+ 28. Kc2 Bxd3+ 29. Rxd3 Rxg1 30. Bxg1 exd4 31. Rxd4 Rxd4 32. Bxd4 Bd6
33. Kd3 a6 34. Ke4 b6 35. Kd5 a5 36. bxa5 bxa5 37. b3 Kb7 38. Ke6 Kc8 39. Kf7
c5 40. Be3 c4 41. bxc4 a4 42. Kxg7 a3 43. Bc1 a2 44. Bb2 f5 45. Kf6 Kd7 46. h5
Bf4 47. Kxf5 Bc1 48. Ba1 Ke7 49. c5 Bh6 50. Kg6 Bf4 51. c4 Kd7 52. h6 Bxh6 53.
Kxh6 Kc6 54. f4 Kxc5 55. f5 Kxc4 56. f6 Kd3 57. f7 Ke3 58. f8=Q 58... Kd3 {
Hossa resigns} 1-0

[Event "ICS Rated blitz match"]
[Site "207.99.83.229"]
[Date "1999.06.14"]
[Round "?"]
[White "Hossa"]
[Black "Talmoves"]
[Result "0-1"]
[WhiteElo "2404"]
[BlackElo "2594"]
[PlyCount "174"]

1. e4 e5 2. d4 exd4 3. Qxd4 Nc6 4. Qe3 Nf6 5. Nc3 Bb4 6. Bd2 O-O 7. O-O-O Re8
8. Nge2 d5 9. Be1 d4 10. Nxd4 Bc5 11. Nxc6 Bxe3+ 12. fxe3 Qxd1+ 13. Nxd1 bxc6
14. Bd3 Nxe4 15. Ba5 Nf6 16. Bxc7 Be6 17. e4 Rac8 18. Ba5 c5 19. Ba6 Ra8 20.
Nc3 Bc8 21. Bc4 Rb8 22. Rf1 Be6 23. Ba6 Ng4 24. Na4 Ne3 25. Rf3 Nxg2 26. Nxc5
Re7 27. Bc3 Nh4 28. Rg3 Ng6 29. Nxe6 Rxe6 30. Bd3 Rc8 31. Kd2 Rd8 32. Ke3 Rde8
33. Rg5 R6e7 34. Rc5 f6 35. a4 h6 36. Kf3 Kf8 37. Bd4 Ne5+ 38. Bxe5 Rxe5 39.
Rxe5 Rxe5 40. Be2 Ke7 41. Kf4 Kd6 42. Bd3 Rh5 43. Kg3 a5 44. Be2 Rc5 45. Bd3
Ke5 46. b3 Rc3 47. Kf3 Kd4 48. Ke2 Rc5 49. Kf3 g6 50. h3 Rc3 51. Ke2 h5 52. Kf3
Rxd3+ 53. cxd3 Kxd3 54. b4 axb4 55. a5 b3 56. a6 b2 57. a7 b1=Q 58. a8=Q Qf1+
59. Kg3 Qg1+ 60. Kf3 Qe3+ 61. Kg2 Qxe4+ 62. Qxe4+ Kxe4 63. Kf2 Kf4 64. Ke1 Kg3
65. Ke2 Kxh3 66. Kf3 g5 67. Ke2 g4 68. Ke3 g3 69. Kd3 g2 70. Kc3 g1=Q 71. Kd3
Qg3+ 72. Kd4 Qc7 73. Ke4 Qc4+ 74. Ke3 Qd3+ 75. Kxd3 h4 76. Ke4 Kg3 77. Kf5 h3
78. Ke6 h2 79. Kd5 h1=Q+ 80. Kc5 Qh5+ 81. Kb6 Kf4 82. Kc6 Qa5 83. Kd6 Kf5 84.
Ke7 Qc7+ 85. Kf8 Kg6 86. Ke8 f5 87. Kf8 87... Qd8# {Hossa checkmated} 0-1

[Event "ICS Rated blitz match"]
[Site "207.99.83.229"]
[Date "1999.06.14"]
[Round "?"]
[White "Talmoves"]
[Black "Hossa"]
[Result "1-0"]
[WhiteElo "2602"]
[BlackElo "2396"]
[PlyCount "111"]

1. e4 e5 2. Nf3 Nc6 3. Bb5 a6 4. Ba4 Nf6 5. O-O Be7 6. Re1 b5 7. Bb3 d6 8. c3
O-O 9. h3 Bd7 10. d4 Rb8 11. a4 Bc8 12. axb5 Rxb5 13. Ba4 Rb6 14. Nbd2 exd4 15.
Nc4 Rb5 16. Bxb5 axb5 17. Na3 dxc3 18. Nxb5 cxb2 19. Bxb2 Bd7 20. Qe2 d5 21.
exd5 Nxd5 22. Rad1 Ncb4 23. Nc3 Be6 24. Nxd5 Nxd5 25. Nd4 Nf4 26. Qe5 Bd6 27.
Qxg7+ Kxg7 28. Nxe6+ Kg6 29. Nxd8 Rxd8 30. Be5 Re8 31. Bxd6 Rxe1+ 32. Rxe1 cxd6
33. Rd1 d5 34. Kh2 h5 35. g3 Ne2 36. Rxd5 Nc3 37. Rd6+ f6 38. f3 Kg7 39. Kg2
Kg6 40. h4 Nb5 41. Rb6 Nc3 42. g4 hxg4 43. fxg4 Nd5 44. Ra6 Nb4 45. Rd6 Nc2 46.
g5 Kh5 47. gxf6 Kg6 48. h5+ Kf7 49. Rd7+ Kxf6 50. h6 Kg5 51. h7 Ne3+ 52. Kf3
Nc2 53. h8=Q Nb4 54. Rd6 Nc6 55. Qg7+ Kh4 56. Qh6# {Hossa checkmated} 1-0

[Event "ICS Rated blitz match"]
[Site "207.99.83.229"]
[Date "1999.06.14"]
[Round "?"]
[White "Hossa"]
[Black "Beadle"]
[Result "0-1"]
[WhiteElo "2389"]
[BlackElo "2662"]
[PlyCount "141"]

1. e4 c6 2. d4 d5 3. Nc3 dxe4 4. Nxe4 Bf5 5. Ng3 Bg6 6. Nf3 Nd7 7. Bc4 e6 8.
Qe2 Bd6 9. Be3 Ngf6 10. O-O-O Qc7 11. Bd2 Nd5 12. Rhe1 O-O 13. Nh4 Qb6 14. Nxg6
hxg6 15. Ne4 Bxh2 16. g3 Bxg3 17. fxg3 Qxd4 18. Bb4 Qb6 19. Bxf8 Rxf8 20. Rh1
Re8 21. Qh2 Kf8 22. Nd6 Rd8 23. Qh8+ Ke7 24. Nc8+ Rxc8 25. Qxc8 Qc7 26. Qxc7
Nxc7 27. Rhe1 f6 28. Bd3 Ne5 29. Be4 g5 30. Rd4 Nb5 31. Ra4 a6 32. Bd3 Nd6 33.
a3 c5 34. Bxa6 bxa6 35. Rxa6 Nf5 36. Ra7+ Kd6 37. Rg1 Kd5 38. b4 cxb4 39. axb4
Kc4 40. Rb7 Nd6 41. Rb6 Nf5 42. Kb2 Nf3 43. Rg2 e5 44. g4 Ne3 45. Rg3 Kd5 46.
Rb7 Ke4 47. Rxg7 Kf4 48. Rh3 Kxg4 49. Rh1 f5 50. Rc1 Nc4+ 51. Kb3 Nd6 52. Ka4
Nd4 53. Rg1+ Kf4 54. Rf1+ Nf3 55. b5 Nc4 56. Rc7 Nd6 57. Rxf3+ Kxf3 58. b6 g4
59. Rc6 Nb7 60. Rh6 g3 61. Rh3 Kf2 62. Rh5 f4 63. Rxe5 g2 64. Rg5 g1=Q 65. Rxg1
Kxg1 66. Kb5 f3 67. Kc6 f2 68. Kd5 f1=Q 69. Kd4 Qf6+ 70. Kc4 Qc6+ 71. Kd3 {
Hossa resigns} 0-1

[Event "ICS Rated blitz match"]
[Site "207.99.83.229"]
[Date "1999.06.14"]
[Round "?"]
[White "rb"]
[Black "Hossa"]
[Result "0-1"]
[WhiteElo "2250"]
[BlackElo "2383"]
[PlyCount "130"]

1. e4 e5 2. Nf3 Nc6 3. Bb5 a6 4. Bxc6 dxc6 5. O-O f6 6. d4 Bg4 7. c3 Bxf3 8.
Qxf3 exd4 9. Rd1 c5 10. e5 Rb8 11. Be3 d3 12. Qe4 fxe5 13. Rxd3 Qe7 14. Qa4+ c6
15. Kh1 Nf6 16. Na3 Qf7 17. Nc4 b5 18. Qxa6 Qxc4 19. Rad1 Qe6 20. Qa7 Rc8 21.
Bxc5 e4 22. Re3 Bxc5 23. Qxc5 Qxa2 24. h3 Kf7 25. Ree1 Qxb2 26. Qa7+ Kg6 27.
Qc5 Rhe8 28. Rb1 Qc2 29. Rbc1 Qb3 30. Ra1 e3 31. Rxe3 Ne4 32. Qd4 Rcd8 33. Qb6
Nxf2+ 34. Kh2 Rxe3 35. Qxe3 Qf7 36. Qg3+ Kh5 37. Re1 Rd5 38. Rf1 Rf5 39. Rxf2
Rxf2 40. Qg4+ Kh6 41. Qh4+ Qh5 42. Qxf2 Qe5+ 43. Qg3 Qxg3+ 44. Kxg3 Kg5 45. Kf3
Kh4 46. Kf4 g5+ 47. Kf3 c5 48. Kf2 b4 49. cxb4 cxb4 50. Ke3 b3 51. Kd2 g4 52.
hxg4 Kxg4 53. Kc3 Kg3 54. Kxb3 Kxg2 55. Kc4 h5 56. Kd5 h4 57. Ke5 h3 58. Kd6 h2
59. Kc7 h1=Q 60. Kb6 Kf3 61. Ka7 Qb1 62. Ka8 Ke4 63. Ka7 Kd5 64. Ka8 Kc6 65.
Ka7 65... Qb7# {rb checkmated} 0-1

[Event "ICS Rated blitz match"]
[Site "207.99.83.229"]
[Date "1999.06.14"]
[Round "?"]
[White "Beadle"]
[Black "Hossa"]
[Result "1/2-1/2"]
[WhiteElo "2668"]
[BlackElo "2393"]
[PlyCount "68"]

1. d4 Nf6 2. c4 c5 3. d5 b5 4. cxb5 a6 5. bxa6 g6 6. Nc3 Bg7 7. e4 O-O 8. e5
Ne8 9. Nf3 f6 10. d6 e6 11. Ne4 Nxa6 12. Bf4 Bb7 13. Bd3 c4 14. Bb1 fxe5 15.
Be3 Nf6 16. Bg5 Qb6 17. Bxf6 Bxf6 18. Qd2 Bxe4 19. Bxe4 Rab8 20. Rc1 Qxb2 21.
Rxc4 Qxd2+ 22. Nxd2 Rb6 23. h4 Rxd6 24. h5 g5 25. Rc3 Rd4 26. h6 Be7 27. Rh5
Bb4 28. Rxg5+ Kh8 29. Rg7 Bxc3 30. Rxh7+ Kg8 31. Rg7+ Kh8 32. Rh7+ Kg8 33. Rg7+
Kh8 34. Rh7+ 34... Kg8 {Game drawn by repetition} 1/2-1/2

[Event "ICS rated blitz match"]
[Site "207.99.83.229"]
[Date "1999.06.14"]
[Round "?"]
[White "Hossa"]
[Black "rb"]
[Result "0-1"]
[WhiteElo "2404"]
[BlackElo "2246"]
[PlyCount "79"]

1. e4 e5 2. Nf3 Nc6 3. Bb5 a6 4. Ba4 Nf6 5. O-O Be7 6. Re1 b5 7. Bb3 O-O 8. c3
d5 9. exd5 Nxd5 10. Nxe5 Nxe5 11. Rxe5 c6 12. d4 Bd6 13. Re1 Qh4 14. g3 Qh3 15.
Be3 Bg4 16. Qd3 Rae8 17. Nd2 Re6 18. Qf1 Qh5 19. a4 Rfe8 20. axb5 axb5 21. Ra7
Bb8 22. Ra8 Qf5 23. Qg2 h6 24. Bxd5 cxd5 25. Qf1 Kh7 26. Qxb5 Rxe3 27. Rxe3
Bxg3 28. hxg3 Rxa8 29. Re5 Ra1+ 30. Kg2 Bh3+ 31. Kh2 Qxf2+ 32. Kxh3 Rh1+ 33.
Kg4 h5+ 34. Rxh5+ Rxh5 35. Qd3+ f5+ 36. Kxh5 Qh2+ 37. Kg5 Qh6+ 38. Kxf5 Qg6+
39. Ke5 Qxd3 40. Nb3 {Hossa resigns} 0-1

[Event "ICS Rated blitz match"]
[Site "207.99.83.229"]
[Date "1999.06.14"]
[Round "?"]
[White "rb"]
[Black "Hossa"]
[Result "1/2-1/2"]
[WhiteElo "2269"]
[BlackElo "2381"]
[PlyCount "47"]

1. e4 e5 2. Nf3 Nc6 3. Bb5 a6 4. Ba4 Nf6 5. O-O Be7 6. Re1 b5 7. Bb3 O-O 8. c3
d5 9. exd5 Nxd5 10. Nxe5 Nxe5 11. Rxe5 c6 12. d4 Bd6 13. Re1 Qh4 14. g3 Qh3 15.
Be3 Bg4 16. Qd3 Rae8 17. Nd2 Re6 18. a4 Nxe3 19. Rxe3 Rh6 20. Nf1 Bf5 21. Qd1
Bg4 22. Qd3 Bf5 23. Qd1 Bg4 24. Qd3 {Game drawn by repetition} 1/2-1/2

[Event "ICS rated blitz match"]
[Site "207.99.83.229"]
[Date "1999.06.14"]
[Round "?"]
[White "Hossa"]
[Black "kenchamp"]
[Result "1/2-1/2"]
[WhiteElo "2376"]
[BlackElo "2228"]
[PlyCount "77"]

1. e4 c6 2. d4 d5 3. Nc3 dxe4 4. Nxe4 Nf6 5. Nxf6+ gxf6 6. Nf3 Bg4 7. Be2 e6 8.
O-O Bd6 9. c4 Nd7 10. h3 Bxf3 11. Bxf3 Qc7 12. Bh5 f5 13. Kh1 Nf6 14. Bg5 Ne4
15. Qc1 h6 16. Bh4 Bf4 17. Qc2 Rg8 18. Rae1 Bg5 19. Bxg5 Rxg5 20. Bf3 Nf6 21.
h4 Rg7 22. Qxf5 Qe7 23. Qa5 Ng4 24. g3 Nxf2+ 25. Rxf2 Rxg3 26. Re4 f5 27. Bh5+
Kd7 28. Rxf5 Rag8 29. Rf3 Rg1+ 30. Kh2 R8g2+ 31. Kh3 Qg7 32. Rg4 Rxg4 33. Rf7+
Qxf7 34. Bxf7 R4g3+ 35. Kh2 R1g2+ 36. Kh1 Rg1+ 37. Kh2 R1g2+ 38. Kh1 Rg1+ 39.
Kh2 {Game drawn by repetition} 1/2-1/2

[Event "ICS Rated standard match"]
[Site "207.99.83.229"]
[Date "1999.06.14"]
[Round "?"]
[White "manstein"]
[Black "Hossa"]
[Result "0-1"]
[WhiteElo "2162"]
[BlackElo "2253"]
[PlyCount "78"]

1. e4 e5 2. Nf3 Nc6 3. Bc4 Nf6 4. d4 exd4 5. O-O Bc5 6. e5 d5 7. exf6 dxc4 8.
Re1+ Kf8 9. fxg7+ Kxg7 10. Bg5 f6 11. Bf4 Bg4 12. Nbd2 Qd5 13. h3 Bxf3 14. Nxf3
Qf7 15. Qd2 Rhg8 16. Re2 Kh8 17. Rae1 Qg6 18. Nh4 Qh5 19. Nf3 Bb4 20. c3 dxc3
21. bxc3 Qxf3 22. Bg3 Qxc3 23. Qxc3 Bxc3 24. Rc1 Nd4 25. Re4 Rae8 26. Rxe8 Rxe8
27. Kh2 Ne2 28. Rb1 Nxg3 29. Kxg3 Re2 30. a4 Be5+ 31. Kf3 Rb2 32. Rd1 Ra2 33.
Kg4 c3 34. Kf5 Rxf2+ 35. Ke6 c2 36. Rd7 c1=Q 37. Kf7 Qc4+ 38. Kf8 Qg8+ 39. Ke7
39... Rxg2 {manstein resigns} 0-1

[Event "ICS Rated blitz match"]
[Site "207.99.83.229"]
[Date "1999.06.14"]
[Round "?"]
[White "Hossa"]
[Black "mle"]
[Result "1-0"]
[WhiteElo "2370"]
[BlackElo "2078"]
[PlyCount "49"]

1. e4 d5 2. exd5 Qxd5 3. Nc3 Qa5 4. d4 Nf6 5. Nf3 c6 6. Ne5 Bf5 7. Nc4 Qc7 8.
Be2 e6 9. g4 Bg6 10. g5 Nd5 11. O-O Nxc3 12. bxc3 h6 13. gxh6 gxh6 14. Ne5 Bf5
15. Bh5 Rh7 16. Bf4 Bd6 17. Re1 Nd7 18. Bg3 O-O-O 19. Nxf7 Bxg3 20. fxg3 Rg8
21. Qd2 Nf6 22. Nxh6 Nxh5 23. Nxg8 Nxg3 24. Nf6 Nh5 25. Nxh7 {mle resigns} 1-0

[Event "ICS Rated standard match"]
[Site "207.99.83.229"]
[Date "1999.06.14"]
[Round "?"]
[White "Hossa"]
[Black "Pauline"]
[Result "1-0"]
[WhiteElo "2265"]
[BlackElo "2056"]
[PlyCount "47"]

1. e4 e6 2. d4 d5 3. Nc3 Bb4 4. e5 c5 5. a3 Bxc3+ 6. bxc3 Ne7 7. Qg4 Qc7 8.
Qxg7 Rg8 9. Qxh7 cxd4 10. Ne2 Nbc6 11. f4 dxc3 12. Qd3 Nf5 13. Nxc3 Bd7 14. Nb5
Qb6 15. Rb1 Qd8 16. Be3 Qh4+ 17. Bf2 Qd8 18. Rd1 a6 19. Nd6+ Nxd6 20. exd6 Qa5+
21. Rd2 Rg4 22. Qh3 Rg8 23. Qb3 O-O-O 24. Bb6 {Pauline resigns} 1-0

[Event "ICS Rated blitz match"]
[Site "207.99.83.229"]
[Date "1999.06.14"]
[Round "?"]
[White "rb"]
[Black "Hossa"]
[Result "1/2-1/2"]
[WhiteElo "2296"]
[BlackElo "2375"]
[PlyCount "202"]

1. e4 e5 2. Nf3 Nc6 3. Bb5 a6 4. Ba4 Nf6 5. O-O Be7 6. Re1 b5 7. Bb3 O-O 8. c3
d6 9. d4 Bg4 10. d5 Na5 11. Bc2 c6 12. dxc6 Qc7 13. h3 Be6 14. Ng5 Nxc6 15.
Nxe6 fxe6 16. Bb3 Qd7 17. Nd2 Ra7 18. Nf3 Rc7 19. Ng5 Nd8 20. a4 bxa4 21. Rxa4
h6 22. Nf3 Rc6 23. Rb4 a5 24. Rb8 Qa7 25. Rb5 Qa6 26. Qd3 a4 27. Bc4 Rc7 28.
Rb4 Qa8 29. Bb5 Ra7 30. Be3 d5 31. Bxa7 Bxb4 32. exd5 e4 33. Qd4 exf3 34. cxb4
exd5 35. Bc5 Rf7 36. gxf3 Qc8 37. Qe5 Nc6 38. Qe6 Qxe6 39. Rxe6 Nxb4 40. Rb6
Na2 41. Rb8+ Kh7 42. Bxa4 Nd7 43. Rb7 Nxc5 44. Rxf7 Nxa4 45. Ra7 Nxb2 46. Rxa2
Nd3 47. Ra7 Kg6 48. Rd7 Nf4 49. h4 Kf6 50. Kh2 g6 51. Kg3 Ne2+ 52. Kh3 h5 53.
Kg2 Nf4+ 54. Kg3 Ne2+ 55. Kh2 Ke6 56. Rd8 Nf4 57. Re8+ Kf7 58. Re1 Kf6 59. Kg3
Kf5 60. Re8 Ne6 61. Rb8 Ke5 62. Rb6 Nf4 63. Rb2 Kf5 64. Rb7 Ne2+ 65. Kh2 Nd4
66. Kg2 Ke5 67. Rb4 Nc6 68. f4+ Kf5 69. Rb5 Ne7 70. Kf3 Ke6 71. Rb6+ Kd7 72.
Ke2 Kc7 73. Ra6 Nc6 74. Ke3 Kb7 75. Ra3 Kb6 76. f3 Kc5 77. Rc3+ Kd6 78. Rb3 Ne7
79. Ke2 Kc5 80. Rc3+ Kd4 81. Rd3+ Kc4 82. Rd1 Nf5 83. Rc1+ Kd4 84. Rd1+ Kc5 85.
Rg1 Nxh4 86. f5 gxf5 87. Rg5 f4 88. Rxh5 Ng2 89. Rh2 Ne3 90. Rh4 Kc4 91. Rxf4+
d4 92. Rf7 Kc3 93. Rd7 Ng2 94. Rc7+ Kb3 95. Kd3 Ne1+ 96. Kxd4 Nxf3+ 97. Ke3 Ne1
98. Rb7+ Kc3 99. Rc7+ Kb3 100. Rb7+ Kc3 101. Rc7+ 101... Kb3 {
Game drawn by repetition} 1/2-1/2